Material science and metallurgy for engineers (Record no. 137173)

000 -LEADER
fixed length control field 00340nam a2200121Ia 4500
008 - FIXED-LENGTH DATA ELEMENTS--GENERAL INFORMATION
fixed length control field 220120s9999||||xx |||||||||||||| ||und||
082 ## - DEWEY DECIMAL CLASSIFICATION NUMBER
Classification number 620.11
100 ## - MAIN ENTRY--PERSONAL NAME
Personal name Kodgire, V.D
9 (RLIN) 11778
245 #0 - TITLE STATEMENT
Title Material science and metallurgy for engineers
260 ## - PUBLICATION, DISTRIBUTION, ETC.
Place of publication, distribution, etc. Everst group
Name of publisher, distributor, etc. New Delhi
Date of publication, distribution, etc. 2012
300 ## - PHYSICAL DESCRIPTION
Extent 497p.
Other physical details 0
650 ## - SUBJECT ADDED ENTRY--TOPICAL TERM
Topical term or geographic name entry element COMPUTER ARCHITECTURE
Holdings
Withdrawn status Lost status Damaged status Not for loan Collection code Home library Current library Date acquired Barcode Date last seen Price effective from Koha item type
        Mechanical Engineering Central Library Central Library 01/20/2022 GF1032 01/20/2022 01/20/2022 Gift Books

Powered by Koha